Movie Quiz- Superheroes - Statistics

General Stats
  • This quiz has been taken 28 times
  • The average score is 17 of 20
Answer Stats
Hint Movie/Show % Correct
1) WW2 soldier is frozen in ice, only to return 70 years later in the current time Captain America
100%
5) Billionaire Bruce Wayne fights crimeas a caped crusader in Gotham City Batman
96%
2) An arrogant billionaire invents a suit ofarmor to fight villains, powered by a reactor in his chest Iron Man
96%
8) A New York teen is bitten by a mutant arachnidand realizes he has web slinging powers Spiderman
96%
4) Alien from Krypton is raised in Kansas andassumes the identity of Clark Kent Superman
96%
3) Norse god is banished to Earth for hisarrogance and must prove his worth again Thor
96%
10) A group of superheroes must fight an alieninvasion in New York Avengers
92%
12) King T'Challa takes the crown of Wakandaand fights an invasion of his homeland Black Panther
92%
11) Space explorer Peter Quill bands togethera ragtag group of mutants to save the universe Guardians of the Galaxy
92%
13) A group of mutant superheroes led by CharlesXavier fight the evil Magneto X Men
92%
9) A Russian assassin confronts the dangerouspast she left before becoming a superhero Black Widow
88%
15) Wade Wilson is mutilated by a freak experiment and becomes a foul mouthed anti hero Deadpool
88%
7) A renowned surgeon seeks out a group of mystics and becomes protector of the sanctum Doctor Strange
88%
14) Reed Richards and his colleagues are exposedto a cosmic storm that gives them unique powers Fantastic Four
88%
16) Barry Allen uses his speedy superpowers to protect Central City The Flash
88%
19) Deadshot, Harley Quinn and the group band together to fight evil Suicide Squad
84%
17) Amazonian princess Diana uses her powersto save the world Wonder Woman
84%
20) Professional thief Scott Lang teams with Dr Hank Pymto infiltrate his company and take down Darren Cross Ant Man
72%
6) A mild mannered doctor is exposed to gammarays and becomes a giant green monster Incredible Hulk
68%
18) After Logan undergoes an experiment that gives himrazor claws and super strength, he hunts down his treacherous brother and the scientist who created him X Men Origins Wolverine
24%
No matching quizzes found
Score Distribution
Percent of People with Each Score
Percentile by Number Answered
Your Score History
You have not taken this quiz